| 000 | 00381nam a22001457a 4500 | ||
|---|---|---|---|
| 005 | 20200619125637.0 | ||
| 008 | 200619b xxu||||| |||| 00| 0 eng d | ||
| 082 | _a345.4 | ||
| 110 |
_aALL INDIA REPORTER _96205 |
||
| 245 | _aLABOUR AND INDUSTRIAL CASES [1990 ] P-I | ||
| 260 |
_aMUMBAI _bALL INDIA REPORTER Pvt ltd. _c1990 |
||
| 300 | _a1056p. | ||
| 650 |
_aLAW _95701 |
||
| 942 | _cJRL | ||
| 999 |
_c7300 _d7298 |
||